| 000 | 00708nam a22002297a 4500 | ||
|---|---|---|---|
| 003 | DO-SdBNP | ||
| 005 | 20180221101918.0 | ||
| 008 | 160718 1996 xxu a spa d | ||
| 020 | _a0590254693 | ||
| 040 |
_aBPMSU _bspa _cBPMSU |
||
| 092 |
_axxxxx _bxxxxx |
||
| 100 | 1 | _aBourgeois, Paulette | |
| 245 | 1 | 0 |
_aFranklin and the tooth fairy / _cPaulette Bourgeois, Brenda Clark |
| 260 |
_aNew York : _bScholastic, _c1996. |
||
| 300 |
_a[30] p. : _bil. ; _c23 cm. |
||
| 500 | _aWhich of these Franklin stories have you read? | ||
| 500 | _aFranklin is a trade mark of kids can press. | ||
| 700 | 1 | 2 | _aClark, Brenda |
| 942 |
_2ddc _cBK |
||
| 945 | _ainventariado, 2018 / dg | ||
| 956 |
_2YLOCKWARD _310 _8BPMSU _a00144 |
||
| 999 |
_c12432 _d12432 |
||